[Event "AUTO-INT-396"]
[Site "http://www.queenalice.com/game.php?id=189407"]
[Date "2007.3.29"]
[Round "1"]
[White "Dangermouse"]
[Black "yoshi57"]
[Result "1-0"]
[WhiteElo "1570"]
[BlackElo "1424"]

1. d4 d5 2. c4 dxc4 3. Nf3 Bf5 4. e3 b5 5. Nc3 c6 6. g3 Na6 7. Bg2 Bd3 8. Ne5
Nb4 9. Bxc6+ Nxc6 10. Nxc6 Qd6 11. Qf3 Rc8 12. Nxa7 Rd8 13. Naxb5 Qb4 14. Qc6+
Rd7 15. Qc8+ Rd8 16. Nc7# 1-0

[Event "AUTO-INT-247"]
[Site "http://www.queenalice.com/game.php?id=191949"]
[Date "2007.4.4"]
[Round "2"]
[White "yoshi57"]
[Black "bolo"]
[Result "0-1"]
[WhiteElo "1421"]
[BlackElo "2169"]

1. c4 e5 2. e4 Nc6 3. b3 Nf6 4. d3 Bc5 5. Ba3 Bd4 6. Nd2 Bxa1 7. Qxa1 d6 8. Ngf3
Qe7 9. Bb2 O-O 10. d4 exd4 11. Bxd4 Nxe4 12. Bxg7 Ng3+ 13. Be2 Qxe2# 0-1

[Event "AUTO-INT-247"]
[Site "http://www.queenalice.com/game.php?id=191950"]
[Date "2007.4.4"]
[Round "2"]
[White "bolo"]
[Black "yoshi57"]
[Result "1-0"]
[WhiteElo "2200"]
[BlackElo "1410"]

1. e4 e5 2. Bc4 Nh6 3. Nf3 Bc5 4. Nc3 Ng4 5. O-O Nc6 6. Nd5 Nb4 7. Nxb4 Bxb4 8.
d4 Qe7 9. h3 h5 10. hxg4 hxg4 11. Bg5 f6 12. Nxe5 fxg5 13. Ng6 Qxe4 14. Nxh8 Qh7
15. Re1+ Kd8 16. Nf7# 1-0

[Event "The empire strike back"]
[Site "http://www.queenalice.com/game.php?id=197473"]
[Date "2007.4.16"]
[Round "-"]
[White "rom"]
[Black "yoshi57"]
[Result "0-1"]
[WhiteElo "1558"]
[BlackElo "1408"]

1. e4 e5 2. Nf3 Nc6 3. Nc3 a6 4. a3 Nf6 5. b4 b5 6. d3 h6 7. Nd5 g5 8. c4 Nd4 9.
Nxe5 Bd6 10. f4 Ne6 11. c5 Bxe5 12. fxe5 Nh7 13. Nf6+ Nxf6 14. exf6 Qxf6 15. Be3
Bb7 16. Qc2 Qxa1+ 17. Qc1 Qe5 18. g3 Ng7 19. d4 Qe7 20. Bg2 Bxe4 21. Bxe4 Qxe4
22. O-O Nf5 23. Bd2 Qxd4+ 24. Rf2 O-O-O 25. Bc3 Qc4 26. Rxf5 Rhg8 27. Rf3 h5 28.
h3 h4 29. g4 c6 30. Rxf7 Qxf7 31. Qe3 d5 32. cxd6 Rxd6 33. Qe2 Re8 34. Qxe8+
Qxe8 35. a4 Rd1+ 36. Kf2 Qf8+ 37. Ke2 Qf1+ 38. Ke3 Qd3+ 39. Kf2 Rf1+ 40. Kg2
Qg3+ 41. Kxf1 Qxc3 42. axb5 axb5 43. Ke2 Qxh3 44. Kd2 Qg3 45. Kc2 h3 46. Kb2 h2
47. Kc2 h1=Q 48. Kd2 Qhh2+ 49. Kd1 Qgg1# 0-1

[Event "AUTO-INT-450"]
[Site "http://www.queenalice.com/game.php?id=209150"]
[Date "2007.5.11"]
[Round "1"]
[White "franzjonas"]
[Black "yoshi57"]
[Result "0-1"]
[WhiteElo "1428"]
[BlackElo "1438"]

1. e4 e5 2. Nf3 d6 3. d4 Nc6 4. c3 Na5 5. d5 f5 6. Bd3 f4 7. O-O Bg4 8. h3 Bh5
9. Bb5+ c6 10. dxc6 bxc6 11. Ba4 Nf6 12. Re1 Be7 13. b4 Nc4 14. Bxc6+ Nd7 15.
Bxa8 Qxa8 16. Nbd2 Ndb6 17. a4 a5 18. Nxc4 Nxc4 19. Qe2 O-O 20. Qxc4+ Bf7 21.
Qc7 Qd8 22. Qb7 Qc8 23. Qxe7 Qxc3 24. Bb2 Qxb2 25. bxa5 h6 0-1

[Event "AUTO-INT-450"]
[Site "http://www.queenalice.com/game.php?id=209151"]
[Date "2007.5.11"]
[Round "1"]
[White "yoshi57"]
[Black "franzjonas"]
[Result "1-0"]
[WhiteElo "1430"]
[BlackElo "1506"]

1. c4 d5 2. Na3 Be6 3. d3 Nc6 4. Bf4 f6 5. Nb5 Ne5 6. Qa4 c6 7. Nd4 Qb6 8. Nxe6
g5 9. c5 Qxb2 10. Qd1 gxf4 11. Nc7+ Kd8 12. Nxa8 Qb4+ 13. Qd2 Qxc5 14. d4 1-0

[Event "AUTO-INT-450"]
[Site "http://www.queenalice.com/game.php?id=209171"]
[Date "2007.5.11"]
[Round "1"]
[White "amadeuswags"]
[Black "yoshi57"]
[Result "1-0"]
[WhiteElo "1498"]
[BlackElo "1452"]

1. e4 e5 2. g3 g5 3. Nf3 d6 4. h4 g4 5. Nh2 h5 6. d4 exd4 7. Qxd4 Bg7 8. Qxg7
Qf6 9. Qxf6 Nxf6 10. Bg5 Nxe4 11. Bg2 Bf5 12. O-O Nd7 13. Re1 f6 14. Bxe4 O-O
15. Bxf5 Rae8 16. Re6 b5 17. Bh6 Rxe6 18. Bxe6+ Rf7 19. Bxd7 Rxd7 20. Nc3 a6 21.
Re1 Kh7 22. Bf4 c5 23. f3 1-0

[Event "AUTO-INT-276"]
[Site "http://www.queenalice.com/game.php?id=216326"]
[Date "2007.5.25"]
[Round "2"]
[White "yoshi57"]
[Black "Kisei"]
[Result "0-1"]
[WhiteElo "1438"]
[BlackElo "2186"]

1. c4 Nf6 2. d3 d5 3. Bf4 dxc4 4. dxc4 Qxd1+ 5. Kxd1 Nc6 6. Na3 e5 7. Bxe5 Nxe5
8. h3 Bxa3 9. bxa3 Nxc4 10. e3 Be6 11. Bxc4 Bxc4 12. Kc2 Ne4 13. Rd1 Nxf2 14.
Nf3 Nxh1 15. Rxh1 O-O-O 16. Ne5 Bxa2 17. Nxf7 Bxf7 18. g4 Rhe8 0-1

[Event "AUTO-INT-276"]
[Site "http://www.queenalice.com/game.php?id=216327"]
[Date "2007.5.25"]
[Round "2"]
[White "Kisei"]
[Black "yoshi57"]
[Result "1-0"]
[WhiteElo "2172"]
[BlackElo "1454"]

1. e4 e5 2. Nf3 f6 3. Nxe5 fxe5 4. Qh5+ g6 5. Qxe5+ Qe7 6. Qxh8 Qxe4+ 7. Kd1
Qg4+ 8. f3 Qe6 9. Qxh7 Nh6 10. Bd3 Qg8 11. Re1+ Kd8 12. Bxg6 Qxh7 13. Re8# 1-0

[Event "AUTO-INT-276"]
[Site "http://www.queenalice.com/game.php?id=216328"]
[Date "2007.5.25"]
[Round "2"]
[White "yoshi57"]
[Black "fore"]
[Result "0-1"]
[WhiteElo "1436"]
[BlackElo "1809"]

1. c4 e5 2. Nc3 Nf6 3. d3 Bb4 4. f4 Nc6 5. fxe5 Nxe5 6. Bf4 Qe7 7. Nh3 d6 8. a3
Bxc3+ 9. bxc3 Bxh3 10. gxh3 O-O 11. Bg2 c6 12. d4 Nxc4 13. Qb3 d5 14. O-O-O Nxa3
15. Rhe1 Nc4 16. Qb4 Qxb4 17. cxb4 a5 18. b5 Ne4 19. bxc6 bxc6 20. Bxe4 dxe4 21.
e3 Ra6 0-1

[Event "AUTO-INT-276"]
[Site "http://www.queenalice.com/game.php?id=216329"]
[Date "2007.5.25"]
[Round "2"]
[White "fore"]
[Black "yoshi57"]
[Result "1-0"]
[WhiteElo "1808"]
[BlackElo "1436"]

1. d4 d5 2. c4 Bf5 3. Bf4 Na6 4. c5 Nb4 5. Na3 e6 6. Rc1 g5 7. Bd2 Nxa2 8. Ra1
Bg7 9. e3 e5 10. dxe5 Bxe5 11. Rxa2 Qe7 12. Bb4 Nf6 13. Bd3 b6 14. Bxf5 bxc5 15.
Qa4+ Nd7 16. Bxd7+ Qxd7 17. Qxd7+ Kxd7 18. Bxc5 g4 19. g3 h5 20. h4 Rhe8 21. b4
1-0

[Event "AUTO-INT-276"]
[Site "http://www.queenalice.com/game.php?id=216330"]
[Date "2007.5.25"]
[Round "2"]
[White "yoshi57"]
[Black "vallef"]
[Result "0-1"]
[WhiteElo "1449"]
[BlackElo "1722"]

1. c4 e5 2. e4 Nf6 3. Nf3 Nc6 4. Bd3 Bc5 5. h3 O-O 6. a3 a6 7. b4 Ba7 8. b5 axb5
9. cxb5 Ne7 10. Bb2 d6 11. Nc3 c6 12. Bc4 d5 13. Be2 dxe4 14. Nxe5 Ned5 15. f3
exf3 16. gxf3 Nh5 17. Rh2 Qh4+ 0-1

[Event "AUTO-INT-276"]
[Site "http://www.queenalice.com/game.php?id=216331"]
[Date "2007.5.25"]
[Round "2"]
[White "vallef"]
[Black "yoshi57"]
[Result "1-0"]
[WhiteElo "1754"]
[BlackElo "1444"]

1. e4 e5 2. Nf3 d6 3. h3 a6 4. Nc3 c6 5. a4 f5 6. d3 f4 7. d4 g5 8. dxe5 dxe5 9.
Qxd8+ Kxd8 10. Nxe5 Nh6 11. Be2 Nd7 12. Nc4 Nc5 13. Nb6 Rb8 14. O-O Bd6 15. b4
g4 16. Nxc8 Nb3 17. cxb3 Rxc8 18. hxg4 Be5 19. Bd2 Nf7 20. Rad1 Ke7 21. b5 axb5
22. axb5 cxb5 23. Nd5+ Kd7 24. Bxb5+ Kd6 25. Nb6 Rc7 26. Bxf4+ Kc5 27. Bxe5 Nxe5
28. Rd5+ Kxb6 29. Rxe5 Rc5 30. Rxc5 Kxc5 31. Bc4 Re8 32. f3 Kb4 33. Rd1 Rc8 34.
Rd4 Kc3 35. Rd7 b6 36. Rxh7 Rxc4 37. bxc4 Kxc4 38. g5 1-0

[Event "The empire strike back again..."]
[Site "http://www.queenalice.com/game.php?id=221254"]
[Date "2007.6.6"]
[Round "-"]
[White "rom"]
[Black "yoshi57"]
[Result "1-0"]
[WhiteElo "1521"]
[BlackElo "1451"]

1. e3 e5 2. Nc3 c6 3. Nf3 f6 4. d4 d6 5. d5 g5 6. g4 Bxg4 7. h3 Bh5 8. Be2 Nd7
9. h4 g4 10. Nh2 f5 11. f4 Bh6 12. fxe5 Nxe5 13. dxc6 bxc6 14. Nf1 Ng6 15. Ng3
Nxh4 16. Nxh5 Nf6 17. Rxh4 Ne4 18. Rh1 d5 19. Nxe4 fxe4 20. Bxg4 Rg8 21. b3 Qg5
22. Qe2 Qe5 23. Rb1 Rf8 24. Bb2 Qd6 25. Bg7 Rf7 26. Bxh6 Qxh6 27. Rf1 Rxf1+ 28.
Qxf1 Qxe3+ 29. Qe2 Qg1+ 30. Qf1 Qxg4 31. Nf6+ Ke7 32. Nxg4 Kd7 33. Qf7+ Kd6 34.
Qxh7 a5 35. Qg6+ Kc5 36. Ne5 Ra6 37. Kd2 Kb4 38. Nxc6+ Kc5 39. Qe8 Rxc6 40. Qb8
Rb6 41. Qc7+ Rc6 42. Qxa5+ Kd6 43. Qd8+ Kc5 44. b4+ Kc4 45. b5 Rc5 46. b6 Kd4
47. Rb4+ Ke5 48. Qc7+ 1-0